| 000 | 00433nam a22001697a 4500 | ||
|---|---|---|---|
| 999 |
_c1090 _d1090 |
||
| 005 | 20210929115329.0 | ||
| 008 | 160519b xxu||||| |||| 00| 0 eng d | ||
| 020 | _a81-7660-069-3 | ||
| 041 | _aeng | ||
| 082 |
_b3161 _a338.0954 |
||
| 100 |
_aChopra Dr. B S KUMAR _96937 |
||
| 245 | _aBusiness Environment in India | ||
| 260 |
_aPune _bEverest Publishing house _c2004 |
||
| 300 | _a239 | ||
| 650 |
_aManagement _9241 |
||
| 942 | _cBK | ||